000 00257nam a2200109Ia 4500
008 190216s9999||||xx |||||||||||||| ||und||
100 _aNair S K
245 0 _aDhana Shashthra Sidhanthangal
260 _bBhasha Institute
650 _aEconomics
942 _cBK
999 _c40421
_d40421